Un art dirigé: réforme grégorienne et iconographie
| Main Author: | |
|---|---|
| Format: | Print Book |
| Language: | French |
| Subito Delivery Service: | Order now. |
| Check availability: | HBZ Gateway |
| WorldCat: | WorldCat |
| Interlibrary Loan: | Interlibrary Loan for the Fachinformationsdienste (Specialized Information Services in Germany) |
| Published: |
Paris
Editions du Cerf
1990
|
| In: | Year: 1990 |
| Series/Journal: | Cerf-histoire
|
| Standardized Subjects / Keyword chains: | B
Gregorian reform
/ Iconography
|
| Further subjects: | B
Christian art and symbolism Medieval, 500-1500
B Catholic Church In art B Catholic Church Doctrines |
MARC
| LEADER | 00000cam a2200000 c 4500 | ||
|---|---|---|---|
| 001 | 276760948 | ||
| 003 | DE-627 | ||
| 005 | 20251222213141.0 | ||
| 007 | tu | ||
| 008 | 901211s1990 fr ||||| 00| ||fre c | ||
| 020 | |a 220404105X |9 2-204-04105-X | ||
| 035 | |a (DE-627)276760948 | ||
| 035 | |a (DE-576)022541462 | ||
| 035 | |a (DE-599)GBV276760948 | ||
| 035 | |a (OCoLC)246859655 | ||
| 035 | |a (DE-604)804472702x | ||
| 040 | |a DE-627 |b ger |c DE-627 |e rakwb | ||
| 041 | |a fre | ||
| 044 | |c XA-FR | ||
| 050 | 0 | |a N7850 | |
| 082 | 0 | |a 709.02 | |
| 084 | |a 9,10 |a 1 |2 ssgn | ||
| 084 | |a LN 10210 |2 rvk |0 (DE-625)rvk/101866: | ||
| 084 | |a BO 1470 |2 rvk |0 (DE-625)rvk/13990: | ||
| 084 | |a LH 82002 |2 rvk |0 (DE-625)rvk/95205:156 | ||
| 084 | |a 11.00 |2 bkl | ||
| 100 | 1 | |0 (DE-588)138436592 |0 (DE-627)696627086 |0 (DE-576)307570053 |4 aut |a Toubert, Hélène | |
| 109 | |a Toubert, Hélène | ||
| 191 | |a 1 | ||
| 245 | 1 | 3 | |a Un art dirigé |b réforme grégorienne et iconographie |c Hélène Toubert |
| 264 | 1 | |a Paris |b Editions du Cerf |c 1990 | |
| 300 | |a 495 S. |b Ill. | ||
| 336 | |a Text |b txt |2 rdacontent | ||
| 337 | |a ohne Hilfsmittel zu benutzen |b n |2 rdamedia | ||
| 338 | |a Band |b nc |2 rdacarrier | ||
| 490 | 0 | |a Cerf-histoire | |
| 500 | |a Includes bibliographical references and indexes | ||
| 583 | 1 | |a Archivierung/Langzeitarchivierung gewährleistet |f SSG |x XA-DE-BW |2 pdager |5 DE-21 | |
| 583 | 1 | |a Archivierung/Langzeitarchivierung gewährleistet |f SSG |x XA-DE-BW |2 pdager |5 DE-16 | |
| 653 | 0 | |a Catholic Church |a In art | |
| 653 | 0 | |a Christian art and symbolism |a Medieval, 500-1500 | |
| 653 | 0 | |a Catholic Church |a Doctrines | |
| 689 | 0 | 0 | |d s |0 (DE-588)4158127-1 |0 (DE-627)105495433 |0 (DE-576)209839848 |2 gnd |a Gregorianische Reform |
| 689 | 0 | 1 | |d s |0 (DE-588)4026535-3 |0 (DE-627)104675268 |0 (DE-576)208966870 |2 gnd |a Ikonografie |
| 689 | 0 | |5 (DE-627) | |
| 889 | |w (DE-627)114297657 | ||
| 935 | |a mteo | ||
| 935 | |i mdedup | ||
| 935 | |i Blocktest | ||
| 936 | r | v | |a LN 10210 |b romanisch |k Kunstgeschichte |k Kunst nach Ländern bzw. Kontinenten |k Italien |k Italienische Kunstgeschichte einzelner Epochen |k romanisch |0 (DE-627)1271158264 |0 (DE-625)rvk/101866: |0 (DE-576)201158264 |
| 936 | r | v | |a BO 1470 |b Ikonologie, Ikonographie |k Theologie und Religionswissenschaften |k Patrologie und Kirchengeschichte |k Historische Hilfswissenschaften |k Ikonologie, Ikonographie |0 (DE-627)1270743708 |0 (DE-625)rvk/13990: |0 (DE-576)200743708 |
| 936 | r | v | |a LH 82002 |b Mittelalter (-1500) |k Kunstgeschichte |k Allgemeines. Allgemeine Kunstgeschichte |k Kunstgeschichte einzelner Gattungen der Kunst |k Ikonographie, Ikonologie |k Christliche Ikonographie |k Handbücher, allgemeine geschichtliche Darstellungen, Abbildungswerke zur christlichen Ikonographie insgesamt |k Mittelalter (-1500) |0 (DE-627)1271862409 |0 (DE-625)rvk/95205:156 |0 (DE-576)201862409 |
| 936 | b | k | |a 11.00 |j Theologie |j Religionswissenschaft: Allgemeines |q coli-conc NSK->BK |q https://coli-conc.gbv.de/api/mappings/f84af606-91a3-411d-b6bd-06d818fa3caf |0 (DE-627)106415271 |
| 951 | |a BO | ||
| ELC | |b 1 | ||
| ITA | |a 1 |t 1 | ||
| LOK | |0 000 xxxxxcx a22 zn 4500 | ||
| LOK | |0 001 3347682629 | ||
| LOK | |0 003 DE-627 | ||
| LOK | |0 004 276760948 | ||
| LOK | |0 005 20020522000000 | ||
| LOK | |0 008 910416||||||||||||||||ger||||||| | ||
| LOK | |0 040 |a DE-21 |c DE-627 |d DE-21 | ||
| LOK | |0 852 |a DE-21 | ||
| LOK | |0 852 1 |c 30 A 18206 |9 00 | ||
| LOK | |0 935 |a theo | ||
| LOK | |0 936ln |a t3.2 | ||
| LOK | |0 939 |a 16-04-91 |b l01 | ||
| LOK | |0 000 xxxxxcx a22 zn 4500 | ||
| LOK | |0 001 3347682785 | ||
| LOK | |0 003 DE-627 | ||
| LOK | |0 004 276760948 | ||
| LOK | |0 005 20100407171005 | ||
| LOK | |0 008 041026||||||||||||||||ger||||||| | ||
| LOK | |0 040 |a DE-21-22 |c DE-627 |d DE-21-22 | ||
| LOK | |0 541 |e 96/452 | ||
| LOK | |0 689 |a s |0 1310480613 |a Ikonographie |x Mittelalter | ||
| LOK | |0 689 |a s |0 1310480621 |a Ikonographie |x gregorianische Reform |x 11. Jh. | ||
| LOK | |0 852 |a DE-21-22 | ||
| LOK | |0 852 1 |c JB 110 a / 15 |m p |9 00 | ||
| LOK | |0 935 |a k022 | ||
| LOK | |0 938 |k p | ||
| LOK | |0 939 |a 26-10-04 |b l01 | ||
| ORI | |a SA-MARC-ixtheoa001.raw | ||
| REL | |a 1 | ||
| STA | 0 | 0 | |a Gregorian reform,Iconography |
| STB | 0 | 0 | |a Iconographie,Réforme grégorienne |
| STC | 0 | 0 | |a Iconografía,Reforma gregoriana |
| STD | 0 | 0 | |a Iconografia,Riforma gregoriana |
| STE | 0 | 0 | |a 圣像学,贵格利改革,格列高利改革 |
| STF | 0 | 0 | |a 聖像學,貴格利改革,格列高利改革 |
| STG | 0 | 0 | |a Iconografia,Reforma gregoriana |
| STH | 0 | 0 | |a Грегорианская реформа,Иконография |
| STI | 0 | 0 | |a Γρηγοριανή μεταρρύθμιση,Εικονογραφία |
| SUB | |a REL | ||
| SYG | 0 | 0 | |a Ikonographie,Kunst |